<?xml version="1.0" encoding="UTF-8"?><?xml-stylesheet type="text/xsl" href="static/style.xsl"?><OAI-PMH xmlns="http://www.openarchives.org/OAI/2.0/" xmlns:xsi="http://www.w3.org/2001/XMLSchema-instance" xsi:schemaLocation="http://www.openarchives.org/OAI/2.0/ http://www.openarchives.org/OAI/2.0/OAI-PMH.xsd"><responseDate>2026-04-17T12:58:17Z</responseDate><request verb="GetRecord" identifier="oai:www.recercat.cat:2072/487756" metadataPrefix="marc">https://recercat.cat/oai/request</request><GetRecord><record><header><identifier>oai:recercat.cat:2072/487756</identifier><datestamp>2025-10-17T18:19:32Z</datestamp><setSpec>com_2072_98</setSpec><setSpec>col_2072_378192</setSpec></header><metadata><record xmlns="http://www.loc.gov/MARC21/slim" xmlns:dcterms="http://purl.org/dc/terms/" xmlns:xsi="http://www.w3.org/2001/XMLSchema-instance" xmlns:doc="http://www.lyncode.com/xoai" xsi:schemaLocation="http://www.loc.gov/MARC21/slim http://www.loc.gov/standards/marcxml/schema/MARC21slim.xsd">
   <leader>00925njm 22002777a 4500</leader>
   <datafield ind2=" " ind1=" " tag="042">
      <subfield code="a">dc</subfield>
   </datafield>
   <datafield ind2=" " ind1=" " tag="720">
      <subfield code="a">Krug, Isabel</subfield>
      <subfield code="e">author</subfield>
   </datafield>
   <datafield ind2=" " ind1=" " tag="720">
      <subfield code="a">Poyastro Pinheiro, Andrea</subfield>
      <subfield code="e">author</subfield>
   </datafield>
   <datafield ind2=" " ind1=" " tag="720">
      <subfield code="a">Bulik, Cynthia M.</subfield>
      <subfield code="e">author</subfield>
   </datafield>
   <datafield ind2=" " ind1=" " tag="720">
      <subfield code="a">Jiménez-Murcia, Susana</subfield>
      <subfield code="e">author</subfield>
   </datafield>
   <datafield ind2=" " ind1=" " tag="720">
      <subfield code="a">Granero, Roser</subfield>
      <subfield code="e">author</subfield>
   </datafield>
   <datafield ind2=" " ind1=" " tag="720">
      <subfield code="a">Penelo Werner, Eva</subfield>
      <subfield code="e">author</subfield>
   </datafield>
   <datafield ind2=" " ind1=" " tag="720">
      <subfield code="a">Masuet Augmantell, Cristina</subfield>
      <subfield code="e">author</subfield>
   </datafield>
   <datafield ind2=" " ind1=" " tag="720">
      <subfield code="a">Agüera, Zaida</subfield>
      <subfield code="e">author</subfield>
   </datafield>
   <datafield ind2=" " ind1=" " tag="720">
      <subfield code="a">Fernández Aranda, Fernando</subfield>
      <subfield code="e">author</subfield>
   </datafield>
   <datafield ind2=" " ind1=" " tag="260">
      <subfield code="c">2009</subfield>
   </datafield>
   <datafield ind2=" " ind1=" " tag="520">
      <subfield code="a">This work is part of the dissertation of IK at the Universitat de Barcelona</subfield>
   </datafield>
   <datafield ind2=" " ind1=" " tag="520">
      <subfield code="a">Aim: To assess lifetime substance abuse, family history of alcohol abuse/dependence, and novelty seeking in three different eating disorder groups (anorexia nervosa-restrictive; anorexia nervosa-binge eating/purging; anorexia nervosa to bulimia nervosa). Method: A total sample of 371 eating disorder patients participated in the current study. Assessment measures included the prevalence of substance abuse and family history of alcohol abuse/dependence as well as the novelty-seeking subscale of the Tempera- ment and Character Inventory-Revised. Results: Significant differences across groups were detected for lifetime substance abuse, with anorexia nervosa-restrictive individuals exhibiting a signifi- cant lower prevalence than the anorexia nervosa to bulimia nervosa and anorexia nervosa-binge eating/purging patients (P &lt; 0.01). For family history of alcohol abuse/dependence the same pattern was observed (P = 0.04). Novelty seeking was associated with substance abuse (P = 0.002), with the anorexia nervosa to bulimia nervosa group exhibiting signifi- cantly higher scores on the novelty-seeking scale than the other two groups (P &lt; 0.001). But family history of alcohol abuse/dependence was not related to novelty seeking (P = 0.092). Conclusion: Lifetime substance abuse appears to be more prevalent in anorexia nervosa patients with bulimic features. Higher novelty-seeking scores may be associated with diagnosis cross-over.</subfield>
   </datafield>
   <datafield ind1="8" ind2=" " tag="024">
      <subfield code="a">http://hdl.handle.net/2072/487756</subfield>
   </datafield>
   <datafield tag="653" ind2=" " ind1=" ">
      <subfield code="a">Anorexia nervosa</subfield>
   </datafield>
   <datafield tag="653" ind2=" " ind1=" ">
      <subfield code="a">Bulimia nervosa</subfield>
   </datafield>
   <datafield tag="653" ind2=" " ind1=" ">
      <subfield code="a">Eating disorders</subfield>
   </datafield>
   <datafield tag="653" ind2=" " ind1=" ">
      <subfield code="a">Personality</subfield>
   </datafield>
   <datafield tag="653" ind2=" " ind1=" ">
      <subfield code="a">Substance abuse</subfield>
   </datafield>
   <datafield ind2="0" ind1="0" tag="245">
      <subfield code="a">Lifetime substance abuse, family history of alcohol abuse/dependence and novelty seeking in eating disorders : comparison study of eating disorder subgroups</subfield>
   </datafield>
</record></metadata></record></GetRecord></OAI-PMH>